00478nam a2200193 a 4500001001300000003000900013005001700022008004100039020002300080082001600103100001900119245002000138260004200158300000900200500003500209505001000244650001100254700001900265nice12345678IN_TiNIC20260116014856.0111205s2011 newa grp 000 0 eng  a9788130711874c90000a297.4bNIC8 aNicholson, R A aKashf Al Mahjub aNew Delhi bCosmo Publications c2011 a443p aincludes index and biblioraphy2 aIndex aSufism1 aNicholson, R A